NBA Team Single-Game Record Scorers - Statistics

General Stats
  • This quiz has been taken 910 times
    27 since last reset
  • The average score is 26 of 30
Answer Stats
# Team Player % Correct
83 Heat Bam Adebayo
100%
71 Blazers Damian Lillard
100%
71 Cavaliers Donovan Mitchell
100%
64 Bucks Giannis Antetokounmpo
100%
70 76ers Joel Embiid
100%
81 Lakers Kobe Bryant
100%
60 Celtics Larry Bird / Jayson Tatum
100%
73 Mavericks Luka Dončić
100%
69 Bulls Michael Jordan
100%
100 Warriors Wilt Chamberlain
100%
70 Suns Devin Booker
96%
61 Rockets James Harden
96%
55 Clippers James Harden
96%
52 Grizzlies Ja Morant
96%
62 Knicks Carmelo Anthony
91%
71 Spurs David Robinson
91%
60 Wizards Gilbert Arenas / Bradley Beal
91%
57 Pacers Reggie Miller
91%
58 Thunder Fred Brown / Russell Westbrook
87%
62 Timberwolves Karl-Anthony Towns
87%
59 Pelicans Anthony Davis
83%
62 Magic Tracy McGrady
83%
60 Kings De'Aaron Fox
78%
60 Nets Kyrie Irving
78%
57 Hawks Lou Hudson / Bob Pettit / Dominique Wilkins
78%
60 Hornets Kemba Walker
70%
73 Nuggets David Thompson
61%
68 Jazz Pete Maravich
61%
54 Raptors Fred VanVleet
35%
57 Pistons Jerry Stackhouse
17%
No matching quizzes found
Score Distribution
Percent of People with Each Score
Percentile by Number Answered
Your Score History
You have not taken this quiz since the last reset